Central Library OPAC University of Rajshahi

History of Aurangzib./ (Record no. 69425)

MARC details
000 -LEADER
fixed length control field 00752nam a22002653 4500
001 - CONTROL NUMBER
control field 69425
003 - CONTROL NUMBER IDENTIFIER
rucl marc code BD-RjUL
005 - DATE AND TIME OF LATEST TRANSACTION
control field 20211209081904.0
008 - FIXED-LENGTH DATA ELEMENTS--GENERAL INFORMATION
fixed length control field 961204r19741952ii 000 0 eng d
040 ## - CATALOGING SOURCE
Original cataloging agency EQO
Transcribing agency EQO
Language of cataloging eng
041 ## - LANGUAGE CODE
Language code of text/sound track or separate title eng
082 ## - DEWEY DECIMAL CLASSIFICATION NUMBER
Edition number 23
Classification number 954.025
Author mark and year SAH 1952
100 1# - MAIN ENTRY--PERSONAL NAME
Personal name Sarkar, Jadunath,
Dates associated with a name 1870-1958.
9 (RLIN) 226391
245 10 - TITLE STATEMENT
Title History of Aurangzib./
Statement of responsibility, etc. Jadunath Sarkar,
250 ## - EDITION STATEMENT
Edition statement 2nd ed.
260 ## - PUBLICATION, DISTRIBUTION, ETC. (IMPRINT)
Place of publication, distribution, etc. Bombay :
Name of publisher, distributor, etc. Orient longman,
Date of publication, distribution, etc. 1952[1974]
300 ## - PHYSICAL DESCRIPTION
Pagination V. ;
Size 22 cm
505 ## - FORMATTED CONTENTS NOTE
Formatted contents note Vol. 5
600 ## - SUBJECT ADDED ENTRY--PERSONAL NAME
Personal name Aurangzib
650 ## - SUBJECT ADDED ENTRY--TOPICAL TERM
Topical term or geographic name as entry element history
Geographic subdivision India
9 (RLIN) 226392
942 ## - ADDED ENTRY ELEMENTS (KOHA)
Source of classification or shelving scheme Dewey Decimal Classification
Koha item type Books
Holdings
Lost status Source of classification or shelving scheme Damaged status Not for loan Collection code Permanent Location Current Location Shelving location Date acquired Source of acquisition Cost, normal purchase price Total Checkouts Full call number Date last seen Copy number Koha item type
  Dewey Decimal Classification   Not For Loan Non-fiction Central Library, University of Rajshahi Central Library, University of Rajshahi Reading Room 10/05/1980 K.P. Bagchi & co. cal. 17.50   954.025 SAH 1974 24/12/2018 C-1 Books